000 00976 a2200265 4500
005 20180312142000.0
008 140318s1995 sp a gr|||| 000 j spa d
020 _a8477229457
040 _aCO-BoUCM
_bspa
_cJose A. Gerena
_dJose A. Gerena
041 0 _aspa
100 1 _aClarke, Gus
_958422
245 1 0 _a¿Cuántos días faltan para mi cumpleaños?
_cGus Clarke ; traducción de Ana Calderón
260 _c1995
_bTimun mas
_aBarcelona (España)
300 _a[30] páginas
_bilustraciones a color
490 _aLa nube de algodón
650 7 _937709
_aLiteratura infantil inglesa
650 7 _918516
_aLibros ilustrados para niños
650 7 _918524
_aLibros y lectura para niños
650 7 _920374
_aNiños en la literatura
690 _942863
_aLiteratura europea
700 1 _aCalderón, Ana
_etraductor
_958424
765 1 _tHow many days to my birthday?
942 _a18
_cLIBRO
_e1
_mC597c
_2DEWEY
_h828.914
_n0
999 _c240229
_d240229